|
|
|
|
| LEADER |
00000cam a22000002c 4500 |
| 001 |
1601061005 |
| 003 |
DE-627 |
| 005 |
20251225190707.0 |
| 007 |
tu |
| 008 |
850101s1970 xx ||||| m 00| ||ger c |
| 020 |
|
|
|a 3796130100
|9 3-7961-3010-0
|
| 020 |
|
|
|a 3796130119
|9 3-7961-3011-9
|
| 035 |
|
|
|a (DE-627)1601061005
|
| 035 |
|
|
|a (DE-603)031906125
|
| 035 |
|
|
|a (DE-576)00193919X
|
| 035 |
|
|
|a (DE-599)BSZ00193919X
|
| 035 |
|
|
|a (OCoLC)01077400
|
| 035 |
|
|
|a (DE-604)8029478677
|
| 040 |
|
|
|a DE-627
|b ger
|c DE-627
|e rakwb
|
| 041 |
|
|
|a ger
|
| 082 |
0 |
|
|a 943.08
|
| 084 |
|
|
|a 1
|2 ssgn
|
| 084 |
|
|
|a NQ 1622
|2 rvk
|0 (DE-625)rvk/128146:
|
| 100 |
1 |
|
|0 (DE-588)121047415
|0 (DE-627)081052588
|0 (DE-576)160256453
|4 aut
|a Berglar, Peter
|d 1919-1989
|
| 109 |
|
|
|a Berglar, Peter 1919-1989
|a Schröer, Hans P. 1919-1989
|a Berglar-Schröer, Hans Peter 1919-1989
|a Berglar-Schröer, Hans P. 1919-1989
|a Berglar-Schröer, Hans-Peter 1919-1989
|a Berglar-Schröer, Peter 1919-1989
|a Berglar, P. 1919-1989
|a Berglar, Piotr 1919-1989
|a Berglar Schröer, Hans-Peter 1919-1989
|a Schröer, Hans-Peter Berglar- 1919-1989
|
| 245 |
1 |
0 |
|a Walther Rathenau
|b seine Zeit, sein Werk, seine Persönlichkeit
|c Peter Berglar
|
| 264 |
|
1 |
|a Bremen
|b Schünemann
|c 1970
|
| 300 |
|
|
|a 416 S.
|b Ill.
|
| 336 |
|
|
|a Text
|b txt
|2 rdacontent
|
| 337 |
|
|
|a ohne Hilfsmittel zu benutzen
|b n
|2 rdamedia
|
| 338 |
|
|
|a Band
|b nc
|2 rdacarrier
|
| 502 |
|
|
|a Zugl.: Köln, Univ., Diss., 1969
|
| 505 |
8 |
|
|a Bibliogr. u. Literaturverz. S. 379 - 408
|
| 583 |
1 |
|
|a Archivierung/Langzeitarchivierung gewährleistet
|f SLG
|x XA-DE-BW
|z BfZ
|2 pdager
|5 DE-24
|
| 583 |
1 |
|
|a Archivierung/Langzeitarchivierung gewährleistet
|f SSG
|x XA-DE-BW
|2 pdager
|5 DE-21
|
| 600 |
1 |
7 |
|0 (DE-588)118598430
|0 (DE-627)134245989
|0 (DE-576)162663250
|a Rathenau, Walther
|d 1867-1922
|2 gnd
|
| 655 |
|
7 |
|a Hochschulschrift
|0 (DE-588)4113937-9
|0 (DE-627)105825778
|0 (DE-576)209480580
|2 gnd-content
|
| 689 |
0 |
0 |
|d p
|0 (DE-588)118598430
|0 (DE-627)134245989
|0 (DE-576)162663250
|2 gnd
|a Rathenau, Walther
|d 1867-1922
|
| 689 |
0 |
|
|5 (DE-627)
|
| 751 |
|
|
|a Köln
|0 (DE-588)4031483-2
|0 (DE-627)106265458
|0 (DE-576)208992669
|4 uvp
|
| 935 |
|
|
|a mteo
|
| 936 |
r |
v |
|a NQ 1622
|b Rathenau, Walther
|k Geschichte
|k Geschichte seit 1918
|k Deutsche Geschichte seit dem Ende des Ersten Weltkriegs
|k Weimarer Republik (1918 - 1933)
|k Persönlichkeiten
|k Einzelne Persönlichkeiten
|k Persönlichkeiten R
|k Rathenau, Walther
|0 (DE-627)1270708015
|0 (DE-625)rvk/128146:
|0 (DE-576)200708015
|
| 951 |
|
|
|a BO
|
| ELC |
|
|
|b 1
|
| ITA |
|
|
|a 1
|t 1
|
| LOK |
|
|
|0 000 xxxxxcx a22 zn 4500
|
| LOK |
|
|
|0 001 3072981639
|
| LOK |
|
|
|0 003 DE-627
|
| LOK |
|
|
|0 004 1601061005
|
| LOK |
|
|
|0 005 20011206000000
|
| LOK |
|
|
|0 008 981224||||||||||||||||ger|||||||
|
| LOK |
|
|
|0 040
|a DE-21
|c DE-627
|d DE-21
|
| LOK |
|
|
|0 852
|a DE-21
|
| LOK |
|
|
|0 852 1
|c 10 A 3028
|9 00
|
| LOK |
|
|
|0 935
|a kram
|a konv
|
| LOK |
|
|
|0 939
|a 24-12-98
|b l01
|
| LOK |
|
|
|0 000 xxxxxcx a22 zn 4500
|
| LOK |
|
|
|0 001 3072981736
|
| LOK |
|
|
|0 003 DE-627
|
| LOK |
|
|
|0 004 1601061005
|
| LOK |
|
|
|0 005 20100408003153
|
| LOK |
|
|
|0 008 030605||||||||||||||||ger|||||||
|
| LOK |
|
|
|0 040
|a DE-21-31
|c DE-627
|d DE-21-31
|
| LOK |
|
|
|0 541
|e 200/70 (IJ)
|
| LOK |
|
|
|0 852
|a DE-21-31
|
| LOK |
|
|
|0 852 1
|c El VIII 24
|m p
|9 00
|
| LOK |
|
|
|0 852 2
|b Magazin
|9 00
|
| LOK |
|
|
|0 938
|k p
|
| LOK |
|
|
|0 939
|a 05-06-03
|b l01
|
| LOK |
|
|
|0 000 xxxxxcx a22 zn 4500
|
| LOK |
|
|
|0 001 3072981744
|
| LOK |
|
|
|0 003 DE-627
|
| LOK |
|
|
|0 004 1601061005
|
| LOK |
|
|
|0 005 20140325163743
|
| LOK |
|
|
|0 008 140325||||||||||||||||ger|||||||
|
| LOK |
|
|
|0 040
|a DE-21-106
|c DE-627
|d DE-21-106
|
| LOK |
|
|
|0 541
|e 6226/71
|
| LOK |
|
|
|0 852
|a DE-21-106
|
| LOK |
|
|
|0 852 1
|c K II Rat W 15
|m p
|9 00
|
| LOK |
|
|
|0 935
|a k106
|
| LOK |
|
|
|0 938
|k p
|
| LOK |
|
|
|0 939
|a 25-03-14
|b l01
|
| ORI |
|
|
|a SA-MARC-ixtheoa001.raw
|
| REL |
|
|
|a 1
|
| SUB |
|
|
|a REL
|
| SYA |
0 |
0 |
|a Rathenau, Walter,1867-1922,Rathenau,1867-1922,Hartenau, W.,1867-1922
|
| SYG |
0 |
0 |
|a Rathenau, Walter,1867-1922,Rathenau,1867-1922,Hartenau, W.,1867-1922
|